00643nam a2200145Ia 4500008004100000100002000041245017500061245001900236260003200255260001400287650001200301856009200313999001900405952007300424160809s9999 xx 000 0 und d aAnchala, Mercy. 2aA Study to Assess the Effect of Therapeutic Positions on Hemodynamic Parameters among Critically Ill Patients in the Intensive Care Unit at Sri Ramachandra Medical Centre cMercy Anchala. bJournal of Nursing and Care cJuly 2016 xNURSING uhttp://www.omicsgroup.org/journals/ArchiveJNC/currentissue-nursing-care-open-access.php c300177d300177 001040aCLbCLd2016-08-09l0r2016-08-09 00:00:00w2016-08-09yFOJ